| 000 | 00599nam a2200181 4500 | ||
|---|---|---|---|
| 005 | 20260512120837.0 | ||
| 010 | _aENG-148367 | ||
| 020 |
_a9789354240027 _c850.00 |
||
| 035 | _aEN-131899 | ||
| 037 | _bDBAD | ||
| 082 | _a005.153 | ||
| 100 |
_aMotwani, Bharti _989069 |
||
| 245 |
_aHR Analysis: _bPratical Approch using Python/ _cBharti Motwani |
||
| 260 |
_aNew Delhi _bWiley India Pvt.Ltd. _c2021 |
||
| 270 |
_a4435-36/7,Ansari Road,Daryagnj, _bNew Delhi _e110002 _k011-23275895,43630000 _mcsupport@wiley.com |
||
| 300 |
_a627p. _c24cm(pb) _bill. |
||
| 942 |
_2ddc _cEN _h005.153 _mMOT |
||
| 999 |
_c216134 _d216134 |
||